Động vật chí Việt Nam = Fauna of Viet Nam

Đã lưu trong:
書目詳細資料
格式: 圖書
語言:Undetermined
出版: Hà Nội Khoa học Kỹ thuật 2000
主題:
標簽: 添加標簽
沒有標簽, 成為第一個標記此記錄!
Thư viện lưu trữ: Trung tâm Học liệu Trường Đại học Cần Thơ
LEADER 00551nam a2200205Ia 4500
001 CTU_63303
008 210402s9999 xx 000 0 und d
020 |b 80000 
082 |a 591.9597 
082 |b Đ455/T4 
245 0 |a Động vật chí Việt Nam = 
245 0 |b Fauna of Viet Nam 
245 0 |c Nguyễn Ngọc Chí 
260 |a Hà Nội 
260 |b Khoa học Kỹ thuật 
260 |c 2000 
650 |a Zoology 
650 |x Nomenclature 
904 |i Minh 
980 |a Trung tâm Học liệu Trường Đại học Cần Thơ